000
00210 a2200097 4500
001
39792
100
_a
Wolf Ray
245
_a
Gym. on a Wall
260
_a
New York
_b
Rodale Plans
_c
1982
090
_c
24799
_d
24799
942
_a
NUST-CAE
_c
M
_c
16445
999
_c
274865
_d
274865